| 000 | 00361nam a2200133Ia 4500 | ||
|---|---|---|---|
| 008 | 240624s9999 xx 000 0 und d | ||
| 041 | _aeng | ||
| 082 | _a658.4092 WES | ||
| 100 | _aWESTERBEEK HANS | ||
| 245 | _aBUSINESS LEADERSHIP AND THE LESSONS FROM | ||
| 260 |
_c2005 _aLondon _bPalgrave Macmillan |
||
| 300 | _aix, : 211 : p. : cm. ; 23 | ||
| 365 |
_cGBP _b31 |
||
| 999 |
_c24295 _d24295 |
||